00874nam a2200217 a 4500001001000000003000500010005001700015008004100032010001100073011001100084040000900095100003200104245015800136260004100294500006000335502010300395650003200498650002800530650002800558856007000586000114978CHAP20220329144506.0180821s2018 mx a sm |||||||spa d a111439 a112411 cCHAP1 aCastro de la Cruz, Rogelio.10aVariables productivas en el cultivo de triticale (X.Triticosecale Witt.) a diferentes períodos de corte /h[En línea]cpor Rogelio Castro de la Cruz. aChapingo, Méx. :bEl autor,c2018. aPara ver el contenido del material haga clic en la liga aTesis (Ing. en Sistemas Agroalimentarios) -- UACH. Unidad Regional Universitaria de Zonas Áridas14aLabranza de conservación.14aTriticale como forraje.14aTriticalexRendimiento. aFinding aiduhttp://10.13.5.2/tesis/sist114978.pdfzTeclea aquí